| 000 | 00443nam a2200157Ia 4500 | ||
|---|---|---|---|
| 999 |
_c5736 _d5736 |
||
| 003 | OSt | ||
| 005 | 20200130110541.0 | ||
| 008 | 190216s9999||||xx |||||||||||||| ||und|| | ||
| 040 | _coclc | ||
| 082 |
_a338.7 _bVAR/M |
||
| 100 |
_aVarma, M M _9585 |
||
| 245 | 0 |
_aBusiness Environment / _cM M Varma ; R K Agarwal |
|
| 260 |
_bKing`S Books, _c1999. _aDelhi: |
||
| 300 | _a438p | ||
| 942 |
_cBK _2ddc _h338.7 _iVAR/B _k338.7 _mVAR/B |
||